[Event "17. Open de Sants Hostafrancs 2015"]
[Site "Barcelona ESP"]
[Date "2015.08.29"]
[Round "9.23"]
[White "Munoz Pantoja, Miguel"]
[Black "Lopez Mulet, Inigo"]
[Result "1-0"]
[WhiteElo "2434"]
[BlackElo "2332"]
[PlyCount "131"]
[EventDate "2015.08.21"]
[EventType "swiss"]
[EventRounds "10"]
[EventCountry "ESP"]
[SourceTitle "Ajedrez en Madrid"]
[Source "lmi"]
[SourceDate "2015.08.21"]

1. e4 e6 2. d4 d5 3. Nd2 c5 4. dxc5 Bxc5 5. Bd3 Nf6 6. Qe2 Nc6 7. Ngf3 O-O 8.
O-O Ng4 9. e5 f6 10. Nb3 Bb6 11. exf6 Nxf6 12. c4 Bc7 13. Bg5 Qd6 14. Bh4 Ne4
15. Bg3 Nxg3 16. fxg3 Bd8 17. Rad1 Qe7 18. Bb1 g6 19. cxd5 exd5 20. Qd2 Bb6+
21. Kh1 Qe3 22. Qxd5+ Be6 23. Qb5 Bxb3 24. axb3 Qc5 25. Qxc5 Bxc5 26. Rd7 Ne5
27. Rxb7 Nxf3 28. gxf3 Rad8 29. b4 Bb6 30. Ba2+ Kh8 31. Re1 Rb8 32. Bd5 Rxb7
33. Bxb7 Bd4 34. b3 Bc3 35. Re7 Bxb4 36. Rd7 Ba5 37. Be4 Bb6 38. h4 Rd8 39. Rb7
Rd1+ 40. Kg2 Rd2+ 41. Kh3 Bg1 42. Kg4 Rh2 43. Rd7 Be3 44. f4 Rd2 45. Rb7 Bf2
46. Kf3 Bb6 47. h5 Rf2+ 48. Kg4 gxh5+ 49. Kxh5 Rh2+ 50. Kg5 Rh3 51. Kg4 Rh6 52.
Kf3 Rh3 53. Kg4 Rh6 54. Kg5 Rh3 55. g4 Rxb3 56. Rxh7+ Kg8 57. Kg6 Re3 58. Bd5+
Kf8 59. f5 Ke8 60. f6 Bc5 61. Rc7 Bb4 62. Rxa7 Rd3 63. Be6 Kd8 64. g5 Re3 65.
Kf7 Rd3 66. g6 1-0

[Event "17. Open de Sants Hostafrancs 2015"]
[Site "Barcelona ESP"]
[Date "2015.08.29"]
[Round "9.24"]
[White "Abergel, Thal"]
[Black "Sochacki, Wojtek"]
[Result "1-0"]
[WhiteElo "2433"]
[BlackElo "2324"]
[PlyCount "75"]
[EventDate "2015.08.21"]
[EventType "swiss"]
[EventRounds "10"]
[EventCountry "ESP"]
[SourceTitle "Ajedrez en Madrid"]
[Source "lmi"]
[SourceDate "2015.08.21"]

1. e4 e5 2. Nf3 Nc6 3. d4 exd4 4. Bc4 Nf6 5. e5 d5 6. Bb5 Ne4 7. Nxd4 Bd7 8.
Bxc6 bxc6 9. O-O Bc5 10. f3 Ng5 11. Be3 Bb6 12. f4 Ne4 13. Nc3 c5 14. Nb3 c4
15. Nd4 Nxc3 16. bxc3 c5 17. Ne2 Bc6 18. f5 Qd7 19. Bg5 d4 20. Ng3 Qd5 21. Rf2
Kd7 22. Qg4 Kc7 23. Nh5 Kb7 24. Re1 Rae8 25. Bf4 Rhg8 26. Nxg7 f6 27. e6 d3 28.
Bh6 Re7 29. cxd3 cxd3 30. c4 d2 31. Rd1 Qd4 32. Qxd4 cxd4 33. Nh5 d3 34. g3 Bf3
35. Nxf6 Rg6 36. fxg6 Rxe6 37. Bxd2 h6 38. Rb1 1-0

[Event "17. Open de Sants Hostafrancs 2015"]
[Site "Barcelona ESP"]
[Date "2015.08.29"]
[Round "9.25"]
[White "Serra Pages, Jordi"]
[Black "Vassallo Barroche, Mauricio"]
[Result "1/2-1/2"]
[WhiteElo "2235"]
[BlackElo "2430"]
[PlyCount "72"]
[EventDate "2015.08.21"]
[EventType "swiss"]
[EventRounds "10"]
[EventCountry "ESP"]
[SourceTitle "Ajedrez en Madrid"]
[Source "lmi"]
[SourceDate "2015.08.21"]

1. d4 Nf6 2. c4 g6 3. Nc3 Bg7 4. e4 d6 5. Nf3 O-O 6. Be2 e5 7. O-O exd4 8. Nxd4
Re8 9. f3 c6 10. Be3 d5 11. cxd5 Nxd5 12. Nxd5 cxd5 13. Nc2 dxe4 14. Qxd8 Rxd8
15. Rad1 Rxd1 16. Rxd1 Nc6 17. Nb4 Be6 18. Nxc6 bxc6 19. b3 a5 20. fxe4 a4 21.
Bc4 Bxc4 22. bxc4 Be5 23. Bb6 Kf8 24. Rd8+ Rxd8 25. Bxd8 Bd4+ 26. Kf1 Ke8 27.
Bg5 Kd7 28. Ke2 Ke6 29. Kd3 Bc5 30. h3 f6 31. Bf4 h5 32. g4 hxg4 33. hxg4 Bb6
34. Bg3 Bc5 35. Bf4 Bb6 36. Bg3 Bc5 1/2-1/2

[Event "17. Open de Sants Hostafrancs 2015"]
[Site "Barcelona ESP"]
[Date "2015.08.29"]
[Round "9.26"]
[White "Vidal, Llewellyn"]
[Black "Wegerle, Joerg"]
[Result "0-1"]
[WhiteElo "2117"]
[BlackElo "2430"]
[PlyCount "80"]
[EventDate "2015.08.21"]
[EventType "swiss"]
[EventRounds "10"]
[EventCountry "ESP"]
[SourceTitle "Ajedrez en Madrid"]
[Source "lmi"]
[SourceDate "2015.08.21"]

1. c4 Nf6 2. Nc3 e6 3. Nf3 Bb4 4. Qb3 Nc6 5. a3 Be7 6. d4 d5 7. Bg5 O-O 8. cxd5
Nxd5 9. Bxe7 Ncxe7 10. e3 b6 11. Be2 Bb7 12. O-O Ng6 13. Rac1 Qe7 14. Nxd5 exd5
15. Qb4 c6 16. Qxe7 Nxe7 17. Rc2 f6 18. Rfc1 Bc8 19. Bd3 a5 20. Rc3 Bd7 21. h3
Rfe8 22. Bc2 Kf7 23. Ne1 Rec8 24. Ba4 Ke6 25. f3 Kd6 26. e4 Be8 27. Nd3 Bg6 28.
e5+ Kd7 29. Nf4 fxe5 30. dxe5 Bf7 31. Ne2 b5 32. Bb3 a4 33. Ba2 Rab8 34. Nd4 b4
35. Re3 Bg6 36. b3 c5 37. Nc2 d4 38. Re2 Nd5 39. Rd2 Nc3 40. axb4 Nxa2 0-1

[Event "17. Open de Sants Hostafrancs 2015"]
[Site "Barcelona ESP"]
[Date "2015.08.29"]
[Round "9.27"]
[White "Shatko, Danil"]
[Black "Cawdery, Daniel"]
[Result "0-1"]
[WhiteElo "2177"]
[BlackElo "2424"]
[PlyCount "64"]
[EventDate "2015.08.21"]
[EventType "swiss"]
[EventRounds "10"]
[EventCountry "ESP"]
[SourceTitle "Ajedrez en Madrid"]
[Source "lmi"]
[SourceDate "2015.08.21"]

1. d4 Nf6 2. c4 c5 3. d5 b5 4. Qc2 bxc4 5. e4 d6 6. Bxc4 g6 7. f4 Bg7 8. Nf3
O-O 9. O-O Nfd7 10. Nbd2 Nb6 11. Rb1 e6 12. dxe6 fxe6 13. Ng5 d5 14. Be2 Nc6
15. Ndf3 Qe7 16. Be3 d4 17. Bd2 h6 18. e5 hxg5 19. Qxg6 Qf7 20. Qxg5 Qf5 21.
Qh4 d3 22. Bd1 Nc4 23. Rc1 Nxd2 24. Nxd2 Nd4 25. Rxc5 Ne2+ 26. Kh1 Bb7 27. Bb3
Nd4 28. Bc4 Rac8 29. Qe7 Rxc5 30. Qxc5 Qg6 31. Rf2 Rxf4 32. Bxd3 Qxd3 0-1

[Event "17. Open de Sants Hostafrancs 2015"]
[Site "Barcelona ESP"]
[Date "2015.08.29"]
[Round "9.28"]
[White "Stella, Andrea"]
[Black "Kulon, Klaudia"]
[Result "1/2-1/2"]
[WhiteElo "2423"]
[BlackElo "2240"]
[PlyCount "43"]
[EventDate "2015.08.21"]
[EventType "swiss"]
[EventRounds "10"]
[EventCountry "ESP"]
[SourceTitle "Ajedrez en Madrid"]
[Source "lmi"]
[SourceDate "2015.08.21"]

1. c4 Nf6 2. Nf3 g6 3. g3 Bg7 4. Bg2 O-O 5. d4 d6 6. Nc3 Nc6 7. O-O Bf5 8. Ne1
Qd7 9. e4 Bh3 10. Nc2 Bxg2 11. Kxg2 e5 12. d5 Ne7 13. f4 exf4 14. Bxf4 Ng4 15.
Nd4 c5 16. Ne6 fxe6 17. Qxg4 Rae8 18. dxe6 Qc8 19. Rad1 Nc6 20. Nb5 Qxe6 21.
Qxe6+ Rxe6 22. Rfe1 1/2-1/2

[Event "17. Open de Sants Hostafrancs 2015"]
[Site "Barcelona ESP"]
[Date "2015.08.29"]
[Round "9.29"]
[White "Akesson, Ralf"]
[Black "Bendayan Claros, Aaron"]
[Result "1-0"]
[WhiteElo "2418"]
[BlackElo "2200"]
[PlyCount "51"]
[EventDate "2015.08.21"]
[EventType "swiss"]
[EventRounds "10"]
[EventCountry "ESP"]
[SourceTitle "Ajedrez en Madrid"]
[Source "lmi"]
[SourceDate "2015.08.21"]

1. c4 Nf6 2. Nc3 c5 3. Nf3 Nc6 4. d4 cxd4 5. Nxd4 g6 6. e4 d6 7. Be2 Bg7 8. Be3
O-O 9. O-O Bd7 10. Qd2 Nxd4 11. Bxd4 Bc6 12. f3 Nd7 13. Be3 a5 14. Rab1 Nc5 15.
Rfd1 Qb6 16. Bf1 Rfc8 17. Qf2 a4 18. Ne2 Qb4 19. Nf4 Nd7 20. Rd5 Nc5 21. e5
Bxe5 22. Bxc5 Qa5 23. Bb6 Qa6 24. c5 Bb5 25. Bxb5 Qxb5 26. cxd6 1-0

[Event "17. Open de Sants Hostafrancs 2015"]
[Site "Barcelona ESP"]
[Date "2015.08.29"]
[Round "9.30"]
[White "Jaksland, Tim"]
[Black "Nijboer, Friso"]
[Result "0-1"]
[WhiteElo "2292"]
[BlackElo "2566"]
[PlyCount "66"]
[EventDate "2015.08.21"]
[EventType "swiss"]
[EventRounds "10"]
[EventCountry "ESP"]
[SourceTitle "Ajedrez en Madrid"]
[Source "lmi"]
[SourceDate "2015.08.21"]

1. Nf3 f5 2. d4 Nf6 3. g3 g6 4. Bg2 Bg7 5. c4 O-O 6. Nc3 d6 7. O-O e6 8. b3 Nc6
9. Bb2 e5 10. dxe5 dxe5 11. Nd5 e4 12. Ne1 Nxd5 13. Bxg7 Ne3 14. Qxd8 Rxd8 15.
Bf6 Nxf1 16. Bxd8 Nxg3 17. hxg3 Nxd8 18. f3 exf3 19. Nxf3 c6 20. e4 fxe4 21.
Ng5 Bf5 22. Nxe4 Bxe4 23. Bxe4 a5 24. Kf2 Ne6 25. Ke3 Re8 26. Bg2 Kg7 27. Rb1
g5 28. Kd3 Rd8+ 29. Ke3 Nc5 30. Bf3 Rd3+ 31. Ke2 h5 32. Bxh5 Rxg3 33. Kf2 Ne4+
0-1

[Event "17. Open de Sants Hostafrancs 2015"]
[Site "Barcelona ESP"]
[Date "2015.08.29"]
[Round "9.31"]
[White "Sonis, Francesco"]
[Black "Demuth, Adrien"]
[Result "1/2-1/2"]
[WhiteElo "2285"]
[BlackElo "2541"]
[PlyCount "43"]
[EventDate "2015.08.21"]
[EventType "swiss"]
[EventRounds "10"]
[EventCountry "ESP"]
[SourceTitle "Ajedrez en Madrid"]
[Source "lmi"]
[SourceDate "2015.08.21"]

1. d4 Nf6 2. c4 c5 3. d5 e6 4. Nc3 exd5 5. cxd5 d6 6. Nf3 g6 7. g3 Bg7 8. Bg2
O-O 9. O-O Re8 10. Bf4 a6 11. a4 Ne4 12. Nxe4 Rxe4 13. Nd2 Rb4 14. Rb1 Qe7 15.
Qc2 b5 16. b3 Be5 17. Bxe5 Qxe5 18. Ra1 bxa4 19. Rxa4 Rxa4 20. bxa4 Nd7 21. Nc4
Qf6 22. Rb1 1/2-1/2

[Event "17. Open de Sants Hostafrancs 2015"]
[Site "Barcelona ESP"]
[Date "2015.08.29"]
[Round "9.32"]
[White "Adel Lahchaichi, Oussama"]
[Black "Riff, Jean-Noel"]
[Result "1-0"]
[WhiteElo "2258"]
[BlackElo "2519"]
[PlyCount "53"]
[EventDate "2015.08.21"]
[EventType "swiss"]
[EventRounds "10"]
[EventCountry "ESP"]
[SourceTitle "Ajedrez en Madrid"]
[Source "lmi"]
[SourceDate "2015.08.21"]

1. c4 e5 2. g3 Nf6 3. Nc3 Bb4 4. Nd5 Be7 5. Bg2 c6 6. Nxf6+ Bxf6 7. e4 d6 8.
Ne2 Be6 9. d3 a6 10. O-O b5 11. Qc2 Nd7 12. Be3 Rb8 13. b3 h5 14. Rad1 h4 15.
cxb5 cxb5 16. d4 hxg3 17. hxg3 Bg5 18. f4 exf4 19. gxf4 Bh6 20. Qd3 Bg4 21. e5
Qe7 22. Rc1 dxe5 23. dxe5 Rd8 24. Nd4 Qh4 25. e6 fxe6 26. Qg6+ Kf8 27. Bf2 1-0

[Event "17. Open de Sants Hostafrancs 2015"]
[Site "Barcelona ESP"]
[Date "2015.08.29"]
[Round "9.33"]
[White "Mingarro Carceller, Sergi"]
[Black "Ducarmon, Quinten"]
[Result "0-1"]
[WhiteElo "2255"]
[BlackElo "2475"]
[PlyCount "72"]
[EventDate "2015.08.21"]
[EventType "swiss"]
[EventRounds "10"]
[EventCountry "ESP"]
[SourceTitle "Ajedrez en Madrid"]
[Source "lmi"]
[SourceDate "2015.08.21"]

1. e4 c5 2. Nf3 e6 3. g3 Nc6 4. Bg2 Nf6 5. Qe2 d5 6. exd5 Nxd5 7. O-O Be7 8.
Rd1 Qb6 9. Na3 O-O 10. Nc4 Qc7 11. a4 Rd8 12. c3 Bd7 13. d3 Be8 14. Bg5 f6 15.
Be3 e5 16. Nh4 g6 17. Rf1 Bf7 18. Bh3 f5 19. Nf3 Nxe3 20. Nxe3 Bf6 21. Bg2 Rd7
22. Nc4 Rad8 23. Rfe1 Bxc4 24. dxc4 e4 25. Nh4 Bxh4 26. gxh4 Qf4 27. Qe3 Qxe3
28. Rxe3 Ne5 29. b3 Rd1+ 30. Re1 Rxa1 31. Rxa1 Rd3 32. Rc1 Rd2 33. Bf1 Nf3+ 34.
Kg2 Nxh4+ 35. Kg3 g5 36. b4 h5 0-1

[Event "17. Open de Sants Hostafrancs 2015"]
[Site "Barcelona ESP"]
[Date "2015.08.29"]
[Round "9.34"]
[White "Lacroix, Romain"]
[Black "Morawietz, Dieter"]
[Result "1/2-1/2"]
[WhiteElo "2201"]
[BlackElo "2430"]
[PlyCount "104"]
[EventDate "2015.08.21"]
[EventType "swiss"]
[EventRounds "10"]
[EventCountry "ESP"]
[SourceTitle "Ajedrez en Madrid"]
[Source "lmi"]
[SourceDate "2015.08.21"]

1. d4 Nf6 2. Nf3 e6 3. c4 c5 4. g3 cxd4 5. Nxd4 Qb6 6. Bg2 Bc5 7. e3 Nc6 8. Nb3
Be7 9. Nc3 O-O 10. O-O d6 11. e4 Ne5 12. Qe2 Bd7 13. Bf4 Qc7 14. Nd2 a6 15.
Rac1 Rac8 16. c5 dxc5 17. Nc4 Nfg4 18. h3 b5 19. hxg4 bxc4 20. Rfd1 f6 21. Bxe5
fxe5 22. Qxc4 Qc6 23. Bf1 Rb8 24. Rc2 Bc8 25. a3 Bb7 26. Rcd2 Rf7 27. Qb3 Rbf8
28. Bc4 Bc8 29. Qa4 Qb6 30. Qb3 Qxb3 31. Bxb3 c4 32. Bxc4 Bc5 33. Rf1 Bd4 34.
Kg2 Rc7 35. Ba2 Bxc3 36. bxc3 Rxc3 37. Rb1 Rxa3 38. Rb8 Kf7 39. Rc2 Bd7 40. Rb7
Ke7 41. Rd2 Rd8 42. Ra7 Ra4 43. f3 Ke8 44. Bb3 Rb4 45. Rd3 Bc8 46. Rc3 Bb7 47.
Bxe6 Rb2+ 48. Kh3 Rd6 49. Rb3 Rxb3 50. Bxb3 Rb6 51. Bd5 Bxd5 52. exd5 Kf8
1/2-1/2

[Event "17. Open de Sants Hostafrancs 2015"]
[Site "Barcelona ESP"]
[Date "2015.08.29"]
[Round "9.35"]
[White "Taylor, Adam C"]
[Black "Valdes Romero, Leonardo"]
[Result "1/2-1/2"]
[WhiteElo "2189"]
[BlackElo "2396"]
[PlyCount "138"]
[EventDate "2015.08.21"]
[EventType "swiss"]
[EventRounds "10"]
[EventCountry "ESP"]
[SourceTitle "Ajedrez en Madrid"]
[Source "lmi"]
[SourceDate "2015.08.21"]

1. d4 Nf6 2. c4 d6 3. Nc3 Nbd7 4. Nf3 e5 5. e4 Be7 6. Be2 O-O 7. O-O c6 8. b3
Re8 9. Qc2 a6 10. Rd1 Qc7 11. Bb2 b5 12. cxb5 cxb5 13. Rac1 Bb7 14. dxe5 Nxe5
15. Nxe5 dxe5 16. Nd5 Qxc2 17. Rxc2 Nxd5 18. exd5 Bd6 19. Bg4 Rad8 20. Bc3 b4
21. Bb2 g6 22. Be2 Rc8 23. Bc4 Rc7 24. Re2 Kf8 25. Rde1 Rce7 26. Ra1 f5 27. a3
a5 28. axb4 axb4 29. g3 e4 30. Bd4 Ra8 31. Rxa8+ Bxa8 32. Ra2 Bb7 33. Ra7 Rf7
34. Be3 Ke8 35. Ra4 Kf8 36. Bh6+ Ke7 37. Bd2 Kf6 38. Bxb4 Bxb4 39. Rxb4 Rd7 40.
Rb6+ Ke5 41. Bb5 Rg7 42. Bc6 Bc8 43. b4 f4 44. gxf4+ Kxf4 45. Rb8 Bh3 46. Rf8+
Ke5 47. Re8+ Kd6 48. Rxe4 Ra7 49. Re1 Ra2 50. Rb1 Bf5 51. Rb3 Be4 52. h3 g5 53.
f3 Bc2 54. Re3 Bf5 55. b5 Rb2 56. Re8 Bxh3 57. Rg8 Rb1+ 58. Kf2 Rb2+ 59. Kg3
Bf1 60. Rxg5 Bxb5 61. Rg7 Bxc6 62. dxc6 Kxc6 63. Rxh7 Kd6 64. Kf4 Ke6 65. Rh6+
Kf7 66. Ra6 Rb5 67. Kg4 Kg7 68. f4 Kf7 69. f5 Rb1 1/2-1/2

[Event "17. Open de Sants Hostafrancs 2015"]
[Site "Barcelona ESP"]
[Date "2015.08.29"]
[Round "9.36"]
[White "Carrasco Rodriguez, Jesus"]
[Black "Cruz, Filemon"]
[Result "1/2-1/2"]
[WhiteElo "2168"]
[BlackElo "2395"]
[PlyCount "63"]
[EventDate "2015.08.21"]
[EventType "swiss"]
[EventRounds "10"]
[EventCountry "ESP"]
[SourceTitle "Ajedrez en Madrid"]
[Source "lmi"]
[SourceDate "2015.08.21"]

1. e4 c5 2. Nf3 Nc6 3. d4 cxd4 4. Nxd4 Nf6 5. Nc3 d6 6. Be2 g6 7. O-O Bg7 8.
Be3 O-O 9. h3 Bd7 10. Nb3 a5 11. Nd2 Be6 12. Nc4 b5 13. Nxb5 Nxe4 14. Nd4 Nxd4
15. Bxd4 Nf6 16. a4 Bxc4 17. Bxc4 e5 18. Be3 d5 19. Bb5 d4 20. Bg5 h6 21. Bxf6
Qxf6 22. Qe2 Qd6 23. f4 exf4 24. Qe4 g5 25. Rfe1 Ra7 26. Bd3 Rd8 27. Qf5 Qf6
28. Qxf6 Bxf6 29. g3 Re7 30. Rxe7 Bxe7 31. gxf4 Kg7 32. fxg5 1/2-1/2

[Event "17. Open de Sants Hostafrancs 2015"]
[Site "Barcelona ESP"]
[Date "2015.08.29"]
[Round "9.37"]
[White "Lorenzo De La Riva, Lazaro"]
[Black "Domingo Nunez, Ruben"]
[Result "0-1"]
[WhiteElo "2372"]
[BlackElo "2281"]
[PlyCount "94"]
[EventDate "2015.08.21"]
[EventType "swiss"]
[EventRounds "10"]
[EventCountry "ESP"]
[SourceTitle "Ajedrez en Madrid"]
[Source "lmi"]
[SourceDate "2015.08.21"]

1. g3 Nf6 2. Bg2 e5 3. c4 d5 4. cxd5 Nxd5 5. Nc3 Be6 6. Nf3 Nc6 7. O-O Be7 8.
d4 Nxc3 9. bxc3 e4 10. Nd2 f5 11. e3 Na5 12. Nxe4 Bd5 13. Nd2 Bxg2 14. Kxg2 h5
15. Qf3 Qd7 16. Rb1 g5 17. e4 f4 18. gxf4 gxf4 19. e5 O-O-O 20. Kh1 Rhg8 21.
Nc4 Qf5 22. Ba3 Nxc4 23. Bxe7 c6 24. Rbd1 Rd5 25. Bf6 Qg4 26. Qxg4+ hxg4 27.
Rd3 Ra5 28. Ra1 Kd7 29. h4 Nb2 30. Rd2 Nc4 31. Rc2 Ke6 32. h5 Rd5 33. Kg2 f3+
34. Kg3 Nd6 35. Kf4 Nf5 36. Rh1 Rd7 37. Rd2 b5 38. a4 b4 39. cxb4 Nxd4 40. Ke4
g3 41. Rxd4 g2 42. Rdd1 gxh1=Q 43. Rxh1 Rg4+ 44. Kxf3 Kf5 45. Re1 Rf4+ 46. Kg3
Rg4+ 47. Kh3 Rh7 0-1

[Event "17. Open de Sants Hostafrancs 2015"]
[Site "Barcelona ESP"]
[Date "2015.08.29"]
[Round "9.38"]
[White "Diaz Camallonga, Carles"]
[Black "Serarols Mabras, Bernat"]
[Result "1/2-1/2"]
[WhiteElo "2358"]
[BlackElo "2260"]
[PlyCount "50"]
[EventDate "2015.08.21"]
[EventType "swiss"]
[EventRounds "10"]
[EventCountry "ESP"]
[SourceTitle "Ajedrez en Madrid"]
[Source "lmi"]
[SourceDate "2015.08.21"]

1. e4 c6 2. Nc3 d5 3. Nf3 Bg4 4. h3 Bh5 5. exd5 cxd5 6. Bb5+ Nc6 7. g4 Bg6 8.
Ne5 Rc8 9. d4 e6 10. h4 f6 11. Nxg6 hxg6 12. Qe2 Kf7 13. Be3 Bb4 14. Qd3 Nge7
15. Bd2 a6 16. Bxc6 Rxc6 17. Ne2 Bxd2+ 18. Qxd2 Rh6 19. O-O-O Qh8 20. h5 gxh5
21. g5 Rg6 22. gxf6 gxf6 23. Nf4 Rg5 24. Rdg1 Rxg1+ 25. Rxg1 Qh7 1/2-1/2

[Event "17. Open de Sants Hostafrancs 2015"]
[Site "Barcelona ESP"]
[Date "2015.08.29"]
[Round "9.39"]
[White "Mundet Riera, Jaume"]
[Black "Vuilleumier, Alexandre"]
[Result "0-1"]
[WhiteElo "2157"]
[BlackElo "2357"]
[PlyCount "46"]
[EventDate "2015.08.21"]
[EventType "swiss"]
[EventRounds "10"]
[EventCountry "ESP"]
[SourceTitle "Ajedrez en Madrid"]
[Source "lmi"]
[SourceDate "2015.08.21"]

1. d4 Nf6 2. Nf3 e6 3. g3 b5 4. Bg2 Bb7 5. O-O c5 6. Nbd2 d5 7. c3 Nc6 8. Nb3
c4 9. Nc5 Bxc5 10. dxc5 Qe7 11. b4 a5 12. Nd4 axb4 13. Nxc6 Bxc6 14. cxb4 O-O
15. Bb2 e5 16. e3 Rfe8 17. Re1 Qe6 18. Qd2 Red8 19. a3 d4 20. exd4 Bxg2 21.
Kxg2 Qd5+ 22. f3 exd4 23. Bc1 Re8 0-1

[Event "17. Open de Sants Hostafrancs 2015"]
[Site "Barcelona ESP"]
[Date "2015.08.29"]
[Round "9.40"]
[White "Martorell Aguado, Joan"]
[Black "Carstensen, Jacob"]
[Result "1/2-1/2"]
[WhiteElo "2165"]
[BlackElo "2336"]
[PlyCount "111"]
[EventDate "2015.08.21"]
[EventType "swiss"]
[EventRounds "10"]
[EventCountry "ESP"]
[SourceTitle "Ajedrez en Madrid"]
[Source "lmi"]
[SourceDate "2015.08.21"]

1. d4 Nf6 2. Nf3 e6 3. g3 b5 4. Bg2 Bb7 5. O-O c5 6. Nbd2 cxd4 7. Nb3 d5 8.
Nbxd4 a6 9. b3 Nbd7 10. Bb2 Rc8 11. e3 Be7 12. Qe2 Ne4 13. Nxe6 fxe6 14. Bxg7
Bf6 15. Bxh8 Bxh8 16. Nd4 Qe7 17. Qg4 Bxd4 18. exd4 Rxc2 19. Rac1 Rxc1 20. Rxc1
Ndf6 21. Qf4 Qd6 22. Qh6 Qe7 23. f3 Nd6 24. Bh3 Kd8 25. Qd2 Nfe8 26. Qa5+ Nc7
27. Re1 Bc8 28. Qb6 Nde8 29. Bf1 Qf8 30. Kg2 Qb4 31. Re5 Nf6 32. Qc5 Qxc5 33.
dxc5 d4 34. g4 Bb7 35. Kf2 Ke7 36. g5 Nd7 37. Re1 Nxc5 38. Rc1 Kd6 39. h4 Nd5
40. h5 Nf4 41. g6 Nxg6 42. hxg6 hxg6 43. b4 Nd7 44. Rd1 e5 45. Bd3 Bd5 46. a3
Nb6 47. Rg1 Bf7 48. Bxg6 Be6 49. Be4 Nc4 50. Rg6 Ke7 51. Rg7+ Kd6 52. Ra7 Bc8
53. Ra8 Nb6 54. Ra7 Nc4 55. Ra8 Nb6 56. Ra7 1/2-1/2

[Event "17. Open de Sants Hostafrancs 2015"]
[Site "Barcelona ESP"]
[Date "2015.08.29"]
[Round "9.41"]
[White "Aabling-Thomsen, Jakob"]
[Black "Boix Moreno, Daniel"]
[Result "1/2-1/2"]
[WhiteElo "2333"]
[BlackElo "2253"]
[PlyCount "160"]
[EventDate "2015.08.21"]
[EventType "swiss"]
[EventRounds "10"]
[EventCountry "ESP"]
[SourceTitle "Ajedrez en Madrid"]
[Source "lmi"]
[SourceDate "2015.08.21"]

1. e4 c5 2. Nc3 Nc6 3. Bb5 Nd4 4. Bc4 e6 5. Nge2 Nf6 6. O-O Nc6 7. d3 a6 8. Bb3
b5 9. a4 b4 10. Nb1 Na5 11. Ba2 d5 12. exd5 Nxd5 13. Nf4 Nxf4 14. Bxf4 Bd6 15.
Bxd6 Qxd6 16. Nd2 Bb7 17. Re1 O-O 18. Qg4 Rad8 19. Ne4 Bxe4 20. Qxe4 b3 21.
cxb3 Qxd3 22. Qh4 Qd4 23. Qxd4 cxd4 24. b4 Nc6 25. b5 axb5 26. axb5 Nb4 27. Bb3
Rd6 28. Red1 e5 29. Re1 Nd3 30. Re2 Nc5 31. Bc4 Nd7 32. Ra6 Nb6 33. Bb3 Rc8 34.
f3 Rc5 35. f4 d3 36. Rxe5 Rc1+ 37. Kf2 g6 38. Re1 d2 39. Rd1 Rc5 40. Ra5 Rc7
41. Ra6 Kg7 42. g3 Re7 43. Bc2 h6 44. Bb1 g5 45. f5 Re5 46. Bd3 Rxd3 47. Rxb6
Rxf5+ 48. Ke2 Rfd5 49. Rc6 R3d4 50. Rc2 Rxb5 51. Rdxd2 Rdb4 52. Kd1 h5 53. Kc1
h4 54. gxh4 Rxh4 55. Rc3 Kg6 56. Kc2 Rb6 57. h3 Rf4 58. b3 f5 59. Kb2 Rf1 60.
Rd8 Rf2+ 61. Ka3 Ra6+ 62. Kb4 g4 63. Rg8+ Kf7 64. Rh8 Kg7 65. Rh4 gxh3 66. Rg3+
Rg6 67. Rgxh3 Rg4+ 68. Kc5 Rxh4 69. Rxh4 Kf6 70. b4 Ke5 71. Rc4 f4 72. b5 Rb2
73. b6 f3 74. Rc1 Kf4 75. Rc4+ Kg3 76. Rb4 Rxb4 77. Kxb4 f2 78. b7 f1=Q 79.
b8=Q+ Qf4+ 80. Qxf4+ Kxf4 1/2-1/2

[Event "17. Open de Sants Hostafrancs 2015"]
[Site "Barcelona ESP"]
[Date "2015.08.29"]
[Round "9.42"]
[White "Pozanco Romasanta, Marc"]
[Black "Van Der Lende, Ilias"]
[Result "0-1"]
[WhiteElo "2111"]
[BlackElo "2332"]
[PlyCount "36"]
[EventDate "2015.08.21"]
[EventType "swiss"]
[EventRounds "10"]
[EventCountry "ESP"]
[SourceTitle "Ajedrez en Madrid"]
[Source "lmi"]
[SourceDate "2015.08.21"]

1. d4 e6 2. Nf3 d5 3. Bf4 c5 4. c3 Nc6 5. e3 Bd6 6. Bg3 Nf6 7. Bd3 O-O 8. Nbd2
Qe7 9. Ne5 Bxe5 10. dxe5 Nd7 11. Nf3 f6 12. exf6 Nxf6 13. c4 Bd7 14. O-O Be8
15. Ng5 Rd8 16. cxd5 Rxd5 17. Nh3 c4 18. Nf4 Rd8 0-1

[Event "17. Open de Sants Hostafrancs 2015"]
[Site "Barcelona ESP"]
[Date "2015.08.29"]
[Round "9.43"]
[White "Villegas, Pierre"]
[Black "Ossa, Orlando"]
[Result "1-0"]
[WhiteElo "2323"]
[BlackElo "2249"]
[PlyCount "45"]
[EventDate "2015.08.21"]
[EventType "swiss"]
[EventRounds "10"]
[EventCountry "ESP"]
[SourceTitle "Ajedrez en Madrid"]
[Source "lmi"]
[SourceDate "2015.08.21"]

1. d4 c5 2. d5 f5 3. e4 fxe4 4. Nc3 Nf6 5. g4 h6 6. h3 Qa5 7. Bd2 Qb6 8. Nge2
e6 9. Nf4 g5 10. Ng6 Rg8 11. Nxf8 Rxf8 12. Bc4 e3 13. Bxe3 Qxb2 14. Bd2 Nxd5
15. Bxd5 exd5 16. O-O d4 17. Rb1 Qa3 18. Rb3 Qa6 19. Nd5 Kd8 20. Rf3 Qd6 21.
Rxf8+ Qxf8 22. f4 Qf7 23. c4 1-0

[Event "17. Open de Sants Hostafrancs 2015"]
[Site "Barcelona ESP"]
[Date "2015.08.29"]
[Round "9.44"]
[White "Iglesias, Joachim"]
[Black "Le Ruyet, Leopold"]
[Result "1-0"]
[WhiteElo "2319"]
[BlackElo "2240"]
[PlyCount "50"]
[EventDate "2015.08.21"]
[EventType "swiss"]
[EventRounds "10"]
[EventCountry "ESP"]
[SourceTitle "Ajedrez en Madrid"]
[Source "lmi"]
[SourceDate "2015.08.21"]

1. d4 Nf6 2. Nf3 e6 3. Nbd2 d5 4. e3 b6 5. Bd3 Bb7 6. O-O Be7 7. b3 O-O 8. Bb2
c5 9. c4 Nc6 10. Qe2 cxd4 11. exd4 dxc4 12. bxc4 Rc8 13. Rac1 Re8 14. Rfd1 Rc7
15. Bb1 Qa8 16. Re1 Bd6 17. Ng5 Na5 18. d5 exd5 19. Qd3 Rce7 20. Rxe7 Bxe7 21.
Bxf6 Bxf6 22. Qxh7+ Kf8 23. Qh8+ Ke7 24. Re1+ Kd7 25. Bf5+ Re6 1-0

[Event "17. Open de Sants Hostafrancs 2015"]
[Site "Barcelona ESP"]
[Date "2015.08.29"]
[Round "9.45"]
[White "Olivares Canelles, Francisco"]
[Black "Guezennec, Franck"]
[Result "0-1"]
[WhiteElo "2305"]
[BlackElo "2228"]
[PlyCount "72"]
[EventDate "2015.08.21"]
[EventType "swiss"]
[EventRounds "10"]
[EventCountry "ESP"]
[SourceTitle "Ajedrez en Madrid"]
[Source "lmi"]
[SourceDate "2015.08.21"]

1. d4 Nf6 2. c4 d6 3. Nc3 g6 4. e4 Bg7 5. h3 O-O 6. Bg5 c5 7. d5 b5 8. cxb5 a6
9. a4 Qa5 10. Qd2 Qb4 11. Bd3 axb5 12. Nge2 bxa4 13. O-O Nbd7 14. f4 Bb7 15.
Qe3 Rfe8 16. Bb5 Reb8 17. Kh1 Nb6 18. f5 Nc4 19. Qf4 Nxb2 20. fxg6 hxg6 21. Rf3
Ba6 22. Bxa6 Rxa6 23. Bh6 Bh8 24. g4 Qc4 25. Qe3 Rb3 26. g5 Nd7 27. Raf1 Bxc3
28. Nxc3 Ne5 29. Rxf7 Nxf7 30. Qf4 Qxf1+ 31. Qxf1 Ra8 32. h4 Rxc3 33. h5 Nd3
34. hxg6 Nxh6 35. Kg2 Rf8 36. Qh1 Nf4+ 0-1